00454nam a22001692 4500001001100000005001700011008004100028020001700069040001500086100003500101245004300136250001300179260003500192300001500227650003900242852000300281000002430220151217155915.0130628s xx 000 0 eng d a9966469052 : aKABUcKABU1 aNgugi wa Thiong'o.@000015228314aThe Black hermit /cNgugi wa Thiong'o. a1st ed. aNairobi :bE. A. E. P.,c1968. aix, 76 p. 0aKenyan drama (English)@00001522771